000 00813nam a2200217 a 4500
008 951121s1989||||[C 0 slo c
020 _c18 Kčs.
_q(18000 výtl.)
040 _aSNK
_bslo
_cSNK
_eAACR2
041 1 _aslo
_hrus
044 _axo
_cSK
080 _a141.82(081)
100 1 _aLenin, Vladimir Iľjič
_4aut
245 1 0 _aZobrané spisy. /Zv./ 50
_bLIsty. Október 1917-jún 1919
_cVladimir Iľjič Lenin ; Viera Havránková, Oto Takáč
250 _a2., vyd.
260 _aBratislava
_bPravda
_c1989
_eBratislava
_fPravda
300 _a704 s., 31,15 AH
_c21 cm
500 _aLit. 13. Faksim. rkp. Pozn. Reg. lit. prác a prameňov. Men. a vec. reg. Zozn. Bibliogr. údaje o dokumentoch. 13 zázn. v slov. a češ.
700 1 _aHavránková, Viera
_4trl
700 1 _aTakáč, Oto
_4bkd
958 _aA
999 _c15465
_d15465